| 000 | 00965nam a2200205Ia 4500 | ||
|---|---|---|---|
| 003 | OSt | ||
| 005 | 20200819165023.0 | ||
| 008 | 191128s1999 cl gr 000 0 spa d | ||
| 040 |
_aCo-JMCR _cCo-JMCR |
||
| 041 | 0 | _aspa | |
| 082 | 0 | 4 |
_a368.4 / _bO686c _223 |
| 111 | 1 |
_aCongreso Iberoamericano de Seguridad Social (21-24 de septiembre : 1999 ) _cSantiago de Chile _98936 |
|
| 245 | 1 | 0 |
_aXI Congreso Iberoamericano de Seguridad Social, 21-24 septiembre 1999, Santiago de Chile. / _cCongreso Iberoamericano de Seguridad Social |
| 260 |
_aSantiago de Chile : _bOrganización Iberoamericana de Seguridad Social, _c1999. |
||
| 300 |
_a183 páginas ; _c28 cm. |
||
| 505 | 0 | _aApertura del congreso -- Órganos de gobierno de la Oiss -- Memoria de la secretaría general y lineas gernerales de la planificación para le bienio 2000-2001 -- Documentos tecnicos del congreso | |
| 650 | 2 | 4 |
_aSeguridad social _96217 |
| 650 | 2 | 4 |
_aCongresos conferencias _98937 |
| 942 |
_2ddc _cBK |
||
| 999 |
_c6011 _d6011 |
||